000 00888cam a22002894a 4500
001 12861550
003 OSt
005 20161118191035.0
008 020719s2002 enka b 001 0 eng
010 _a 2002427054
020 _a0748754709
040 _aDLC
_cDLC
_dDLC
042 _apcc
043 _ae-uk---
050 0 0 _aRC953.5
_b.R455 2002
082 0 0 _a362.0425
_221
_bREH 2002
100 _aEdited by Amanda J. Squires and Margaret B. Hastings.
_911312
245 0 0 _aRehabilitation of the Older person :
_ba handbook for the interdisciplinary team
250 _a3rd ed.
260 _aUK :
_bNelson Thomes Ltd.,
_c2002.
300 _axii, 412 p. :
_bill. ;
_c24 cm.
504 _aIncludes bibliographical references and index.
650 0 _aRehabilitation
_97776
650 0 _aSocial work
_96854
906 _a7
_bcbc
_corignew
_d3
_encip
_f20
_gy-gencatlg
942 _2ddc
_cSLOAN
999 _c3479
_d3479